<?xml version="1.0" encoding="UTF-8"?>
<record
    xmlns:xsi="http://www.w3.org/2001/XMLSchema-instance"
    xsi:schemaLocation="http://www.loc.gov/MARC21/slim http://www.loc.gov/standards/marcxml/schema/MARC21slim.xsd"
    xmlns="http://www.loc.gov/MARC21/slim">

  <leader>01513nam a2200361 a 4500</leader>
  <datafield tag="999" ind1=" " ind2=" ">
    <subfield code="c">357763</subfield>
    <subfield code="d">357763</subfield>
  </datafield>
  <controlfield tag="001">270.008-SCh.it CIP ca (23106)</controlfield>
  <controlfield tag="003">CaOOAMICUS</controlfield>
  <controlfield tag="005">20180122101219.0</controlfield>
  <controlfield tag="008">080908s2008    it            001 0 ita d</controlfield>
  <datafield tag="020" ind1=" " ind2=" ">
    <subfield code="a">9788870946352</subfield>
  </datafield>
  <datafield tag="040" ind1=" " ind2=" ">
    <subfield code="a">PUG</subfield>
    <subfield code="b">ita</subfield>
    <subfield code="d">mv</subfield>
    <subfield code="c">IT-MiSPE</subfield>
  </datafield>
  <datafield tag="041" ind1="1" ind2=" ">
    <subfield code="a">ita</subfield>
    <subfield code="a">lat</subfield>
  </datafield>
  <datafield tag="084" ind1=" " ind2=" ">
    <subfield code="a">30 CT</subfield>
  </datafield>
  <datafield tag="084" ind1=" " ind2=" ">
    <subfield code="a">33 G</subfield>
  </datafield>
  <datafield tag="100" ind1="1" ind2=" ">
    <subfield code="a">Cyprianus, Thascius Caecilius,</subfield>
    <subfield code="c">s.,</subfield>
    <subfield code="d">fl. ca.200-258.</subfield>
    <subfield code="9">56811</subfield>
  </datafield>
  <datafield tag="240" ind1="1" ind2="0">
    <subfield code="a">Ad Demetrianum.</subfield>
    <subfield code="l">Latino e italiano</subfield>
  </datafield>
  <datafield tag="245" ind1="1" ind2="0">
    <subfield code="a">A Demetriano /</subfield>
    <subfield code="c">Cipriano di Cartagine ; introduzione, testo critico e commento Jean-Claude Fredouille ; traduzione Attilio Carpin.</subfield>
  </datafield>
  <datafield tag="260" ind1=" " ind2=" ">
    <subfield code="a">Roma :</subfield>
    <subfield code="b">Edizioni San Clemente  ;</subfield>
    <subfield code="a">Bologna :</subfield>
    <subfield code="b">Edizioni Studio Domenicano,</subfield>
    <subfield code="c">2008.</subfield>
  </datafield>
  <datafield tag="300" ind1=" " ind2=" ">
    <subfield code="a">235 p. ;</subfield>
    <subfield code="c">20 cm</subfield>
  </datafield>
  <datafield tag="490" ind1="1" ind2=" ">
    <subfield code="a">Sources chr&#xE9;tiennes.</subfield>
    <subfield code="a">Edizione italiana ;</subfield>
    <subfield code="v">005</subfield>
  </datafield>
  <datafield tag="500" ind1=" " ind2=" ">
    <subfield code="a">Traduzione italiana con testo latino a fronte</subfield>
  </datafield>
  <datafield tag="504" ind1=" " ind2=" ">
    <subfield code="a">Bibliografia (pp. 61-67) e indici</subfield>
  </datafield>
  <datafield tag="655" ind1=" " ind2="7">
    <subfield code="a">Patrologia. Generalit&#xE0;</subfield>
    <subfield code="x">Collane - Varia.</subfield>
    <subfield code="2">local</subfield>
    <subfield code="9">56812</subfield>
  </datafield>
  <datafield tag="655" ind1=" " ind2="7">
    <subfield code="a">Patrologia latina (eccetto Augustinus, Aurelius, s.)</subfield>
    <subfield code="x">Cyprianus, Thascius Caecilius, s., fl. ca.200-258.</subfield>
    <subfield code="2">local</subfield>
    <subfield code="9">56813</subfield>
  </datafield>
  <datafield tag="700" ind1="1" ind2=" ">
    <subfield code="a">Fredouille, Jean-Claude,</subfield>
    <subfield code="e">ed.</subfield>
    <subfield code="9">56827</subfield>
  </datafield>
  <datafield tag="700" ind1="1" ind2=" ">
    <subfield code="a">Carpin, Attilio,</subfield>
    <subfield code="c">o.p.,</subfield>
    <subfield code="e">tr.</subfield>
    <subfield code="9">56828</subfield>
  </datafield>
  <datafield tag="830" ind1=" " ind2="0">
    <subfield code="a">Sources chr&#xE9;tiennes.</subfield>
    <subfield code="p">Edizione italiana ;</subfield>
    <subfield code="v">005.</subfield>
    <subfield code="9">56829</subfield>
  </datafield>
  <datafield tag="942" ind1=" " ind2=" ">
    <subfield code="2">ddc</subfield>
    <subfield code="c">BK</subfield>
  </datafield>
  <datafield tag="990" ind1="1" ind2="0">
    <subfield code="a">90001a</subfield>
    <subfield code="b">10001acd</subfield>
  </datafield>
  <datafield tag="990" ind1="1" ind2="0">
    <subfield code="a">90002a</subfield>
    <subfield code="b">10001acd</subfield>
  </datafield>
  <datafield tag="952" ind1=" " ind2=" ">
    <subfield code="0">0</subfield>
    <subfield code="1">0</subfield>
    <subfield code="2">ddc</subfield>
    <subfield code="4">0</subfield>
    <subfield code="6">270_008000000000000_SCH_IT_CIP_CA_23106</subfield>
    <subfield code="7">1</subfield>
    <subfield code="a">CINISELLO</subfield>
    <subfield code="b">CINISELLO</subfield>
    <subfield code="d">2018-01-22</subfield>
    <subfield code="l">0</subfield>
    <subfield code="o">270.008 SCh.it CIP ca (23106)</subfield>
    <subfield code="p">9788870946352</subfield>
    <subfield code="r">2018-01-22 00:00:00</subfield>
    <subfield code="w">2018-01-22</subfield>
    <subfield code="y">BK</subfield>
  </datafield>
</record>
